000 00789nam a22002177a 4500
005 20100804144738.0
010 _aENG-98083
020 _a9788172735012
_c350.00
035 _aEN-81616
037 _bDBAD/PUB
082 _a338.9
100 _aChakrabarti,Anjan
_97085
245 _aEconomic development and employment in Sikkim /
_cBy Anjan Chakrabarti
260 _aNew Delhi
_bAuthorspress
_c2009
270 _aE-354/103, Jawahar Park
_bNew Delhi
_e110092
300 _axviii,113p
_c21cm(Hb)
500 _aincludes bibliographical references and index
650 _aEconomic Growth
_97086
942 _2ddc
_cEN
_h338.9
_mCHA
999 _c39266
_d39266